<?xml version="1.0" encoding="UTF-8"?>
<record
    xmlns:xsi="http://www.w3.org/2001/XMLSchema-instance"
    xsi:schemaLocation="http://www.loc.gov/MARC21/slim http://www.loc.gov/standards/marcxml/schema/MARC21slim.xsd"
    xmlns="http://www.loc.gov/MARC21/slim">

  <leader>04745nam a2200541Ia 4500</leader>
  <controlfield tag="001">dia_6499</controlfield>
  <controlfield tag="003">CHAP</controlfield>
  <controlfield tag="005">20240718112859.0</controlfield>
  <controlfield tag="007">ta</controlfield>
  <controlfield tag="008">220117s2017    mx bdeofrm    001 0 spa d</controlfield>
  <datafield tag="010" ind1=" " ind2=" ">
    <subfield code="a">178810</subfield>
  </datafield>
  <datafield tag="040" ind1=" " ind2=" ">
    <subfield code="c">CHAP</subfield>
    <subfield code="a">mxchpua</subfield>
  </datafield>
  <datafield tag="041" ind1="0" ind2=" ">
    <subfield code="a">spa</subfield>
    <subfield code="b">eng</subfield>
  </datafield>
  <datafield tag="090" ind1=" " ind2=" ">
    <subfield code="a">Tesis </subfield>
    <subfield code="b">G37 </subfield>
    <subfield code="c">2017</subfield>
  </datafield>
  <datafield tag="100" ind1="1" ind2=" ">
    <subfield code="a">Garc&#xE9;s Mendoza, Rafael</subfield>
  </datafield>
  <datafield tag="240" ind1="1" ind2="0">
    <subfield code="a">Manuals for quality control-milk traceability for collection centers, in Margarita project in the Altos de Jalisco.</subfield>
    <subfield code="l">Espa&#xF1;ol</subfield>
  </datafield>
  <datafield tag="245" ind1="1" ind2="0">
    <subfield code="a">Manuales del control de calidad-trazabilidad de la leche, para centros de acopio en proyecto Margarita en los Altos de Jalisco /</subfield>
    <subfield code="c">Rafael Garc&#xE9;s Mendoza</subfield>
  </datafield>
  <datafield tag="264" ind1=" " ind2=" ">
    <subfield code="a">Chapingo, M&#xE9;xico :</subfield>
    <subfield code="b">El autor,</subfield>
    <subfield code="c">2017</subfield>
  </datafield>
  <datafield tag="300" ind1=" " ind2=" ">
    <subfield code="a">ca.150 hojas :</subfield>
    <subfield code="b">mapas, gr&#xE1;ficas, diagramas, tablas, fotos, planos +</subfield>
    <subfield code="e">1 CD-ROM</subfield>
  </datafield>
  <datafield tag="336" ind1=" " ind2=" ">
    <subfield code="2">rdacontent</subfield>
    <subfield code="a">texto</subfield>
    <subfield code="b">txt</subfield>
  </datafield>
  <datafield tag="337" ind1=" " ind2=" ">
    <subfield code="2">rdamedia</subfield>
    <subfield code="a">no mediado</subfield>
    <subfield code="b">n</subfield>
  </datafield>
  <datafield tag="338" ind1=" " ind2=" ">
    <subfield code="2">rdacarrier</subfield>
    <subfield code="a">volumen</subfield>
    <subfield code="b">nc</subfield>
  </datafield>
  <datafield tag="500" ind1=" " ind2=" ">
    <subfield code="a">El CD contiene reporte, art&#xED;culo y seminario</subfield>
  </datafield>
  <datafield tag="502" ind1=" " ind2=" ">
    <subfield code="a">Informe de Estancia Preprofesional </subfield>
    <subfield code="b">(Ingeniero Agroindustrial) -- </subfield>
    <subfield code="c">UACh. Departamento de Ingenier&#xED;a Agroindustrial, </subfield>
    <subfield code="d">2017</subfield>
  </datafield>
  <datafield tag="504" ind1=" " ind2=" ">
    <subfield code="a">Bibliograf&#xED;a: hojas 40-43</subfield>
  </datafield>
  <datafield tag="520" ind1="3" ind2=" ">
    <subfield code="a">El presente trabajo fue realizado en un periodo de 6 meses comprendidos de julio a diciembre de 2016, en la empresa Centro de Servicios Integrales para el Desarrollo de la Ganader&#xED;a Altos Sur S.R.P de R.L, cuya actividad principal es el acopio y acondicionamiento de leche que se destina a la planta de Danone de M&#xE9;xico S.A de C.V. El objetivo general del trabajo de estancia preprofesional fue: Controlar la calidad de la leche en toda la cadena de abasto hasta su destino final (Campo - Centro de Acopio - Planta), as&#xED; como su trazabilidad, mediante el desarrollo de manuales de procedimientos y An&#xE1;lisis de Riesgos, dando como resultado los Procesos Operativos Estandarizados de Sanitizaci&#xF3;n (POE&#xB4;s) y los Procesos de Operaci&#xF3;n Est&#xE1;ndar que forman parte del manual de procedimientos que fomentara y fortalecer&#xE1; la aplicaci&#xF3;n de Buenas Practicas de Higiene y Buenas Pr&#xE1;cticas de Manufactura, as&#xED; como un sistema de registro y documentaci&#xF3;n de la trazabilidad del proceso de colecta que abarca toda la cadena de suministro de leche. Se espera que el trabajo realizado permita contribuir a atender y solucionar la problem&#xE1;tica e indirectamente en el mejoramiento de la empresa, as&#xED; como concientizar a los actores involucrados en el centro de acopio y Proyecto Margarita de la importancia que tiene el trabajo y su implementaci&#xF3;n en pro de la empresa. --</subfield>
  </datafield>
  <datafield tag="520" ind1="3" ind2=" ">
    <subfield code="a">The present work was carried out in a period of 6 months from July, December, 2016, in the company Centro de Servicios Integrales para el Desarrollo de la Ganader&#xED;a Altos Sur S.R.P de R.L, whose main activity is the collection and conditioning of milk destined to the plant of Danone de M&#xE9;xico S.A de C.V. The general objective of the work pre-vocational stay was to: Control the quality of milk throughout the supply chain to its final destination (Field - Collection Center - Plant), through the development of procedure manuals and Risk Analysis, and Its traceability. Resulting in the Sanitation Standard Operating Procedures (POE's) and Standard Operating Processes that are part of the procedures manual that will promote and strengthen the application of Good Hygiene Practices and Good Manufacturing Practices, as well as a system of registration and documentation of the traceability of the collection process that spans the entire supply chain of milk. It is expected that the work done to contribute to address and solve the problem and indirectly, the improvement of the company, as well as raise awareness among the actors involved in the collection center and Margarita Project of the importance of the work and its implementation in pro of the company.</subfield>
  </datafield>
  <datafield tag="650" ind1="1" ind2="3">
    <subfield code="a">Control de calidad</subfield>
    <subfield code="x">Manuales  </subfield>
    <subfield code="2">atg</subfield>
  </datafield>
  <datafield tag="650" ind1="1" ind2="3">
    <subfield code="a">Industria l&#xE1;ctea</subfield>
    <subfield code="2">atg</subfield>
    <subfield code="z">M&#xE9;xico</subfield>
    <subfield code="z">Jalisco  </subfield>
  </datafield>
  <datafield tag="650" ind1="1" ind2="3">
    <subfield code="a">Inocuidad alimentaria  </subfield>
    <subfield code="2">atg</subfield>
  </datafield>
  <datafield tag="650" ind1="1" ind2="3">
    <subfield code="a">Leche  </subfield>
    <subfield code="2">atg</subfield>
  </datafield>
  <datafield tag="650" ind1="1" ind2="3">
    <subfield code="a">Trazabilidad  </subfield>
    <subfield code="2">atg</subfield>
  </datafield>
  <datafield tag="650" ind1="1" ind2="3">
    <subfield code="a">Milk  </subfield>
    <subfield code="2">atg</subfield>
  </datafield>
  <datafield tag="650" ind1="1" ind2="3">
    <subfield code="a">Food safety  </subfield>
    <subfield code="2">atg</subfield>
  </datafield>
  <datafield tag="650" ind1="1" ind2="3">
    <subfield code="a">Milk industry</subfield>
    <subfield code="z">Mexico</subfield>
    <subfield code="z">Jalisco  </subfield>
  </datafield>
  <datafield tag="650" ind1="1" ind2="3">
    <subfield code="a">Quality contol</subfield>
    <subfield code="x">Manuals, textbooks, etc.  </subfield>
    <subfield code="2">atg</subfield>
  </datafield>
  <datafield tag="650" ind1="1" ind2="3">
    <subfield code="a">Traceability</subfield>
    <subfield code="2">atg</subfield>
  </datafield>
  <datafield tag="700" ind1="1" ind2=" ">
    <subfield code="a">Mart&#xED;nez Mosqueda, Francisco</subfield>
    <subfield code="e">director</subfield>
  </datafield>
  <datafield tag="700" ind1="1" ind2=" ">
    <subfield code="a">Covarrubias Guti&#xE9;rrez, Ignacio</subfield>
    <subfield code="e">asesor</subfield>
  </datafield>
  <datafield tag="700" ind1="1" ind2=" ">
    <subfield code="a">Vel&#xE1;zquez Castillo, Alejandra</subfield>
    <subfield code="e">asesor</subfield>
  </datafield>
  <datafield tag="856" ind1="4" ind2="1">
    <subfield code="u">http://10.13.5.2/tesis/sist113656.pdf</subfield>
    <subfield code="y">DESCARGAR PDF</subfield>
  </datafield>
  <datafield tag="901" ind1=" " ind2=" ">
    <subfield code="a">TESIS G37 2017</subfield>
  </datafield>
  <datafield tag="902" ind1=" " ind2=" ">
    <subfield code="a">M</subfield>
  </datafield>
  <datafield tag="905" ind1=" " ind2=" ">
    <subfield code="a">5232272017                          mx nml 8223223322spa16</subfield>
  </datafield>
  <datafield tag="942" ind1=" " ind2=" ">
    <subfield code="c">TESIS</subfield>
    <subfield code="2">Clasificaci&#xF3;n Universidad Aut&#xF3;noma Chapingo</subfield>
  </datafield>
  <datafield tag="999" ind1=" " ind2=" ">
    <subfield code="c">178810</subfield>
    <subfield code="d">178810</subfield>
  </datafield>
  <datafield tag="952" ind1=" " ind2=" ">
    <subfield code="0">0</subfield>
    <subfield code="1">0</subfield>
    <subfield code="2">local</subfield>
    <subfield code="4">0</subfield>
    <subfield code="5">5</subfield>
    <subfield code="7">0</subfield>
    <subfield code="8">TESIS</subfield>
    <subfield code="a">IA_</subfield>
    <subfield code="b">IA_</subfield>
    <subfield code="d">2022-01-18</subfield>
    <subfield code="e">El autor</subfield>
    <subfield code="l">1</subfield>
    <subfield code="o">Tesis G37 2017</subfield>
    <subfield code="p">1101010716</subfield>
    <subfield code="r">2024-07-30 19:40:11</subfield>
    <subfield code="s">2024-07-30</subfield>
    <subfield code="t">Ej. 3</subfield>
    <subfield code="w">2022-01-18</subfield>
    <subfield code="y">CD</subfield>
  </datafield>
  <datafield tag="952" ind1=" " ind2=" ">
    <subfield code="0">0</subfield>
    <subfield code="1">0</subfield>
    <subfield code="2">local</subfield>
    <subfield code="4">0</subfield>
    <subfield code="5">1</subfield>
    <subfield code="7">0</subfield>
    <subfield code="8">TESIS</subfield>
    <subfield code="a">IA_</subfield>
    <subfield code="b">IA_</subfield>
    <subfield code="d">2022-01-18</subfield>
    <subfield code="e">El autor</subfield>
    <subfield code="l">0</subfield>
    <subfield code="o">Tesis G37 2017</subfield>
    <subfield code="p">1101010714</subfield>
    <subfield code="r">2026-02-02 00:00:00</subfield>
    <subfield code="t">Ej. 1</subfield>
    <subfield code="w">2022-01-18</subfield>
    <subfield code="y">TESIS</subfield>
  </datafield>
  <datafield tag="952" ind1=" " ind2=" ">
    <subfield code="0">0</subfield>
    <subfield code="1">0</subfield>
    <subfield code="2">local</subfield>
    <subfield code="4">0</subfield>
    <subfield code="5">1</subfield>
    <subfield code="7">0</subfield>
    <subfield code="8">TESIS</subfield>
    <subfield code="a">IA_</subfield>
    <subfield code="b">IA_</subfield>
    <subfield code="d">2022-01-18</subfield>
    <subfield code="e">El autor</subfield>
    <subfield code="l">0</subfield>
    <subfield code="o">Tesis G37 2017</subfield>
    <subfield code="p">1101010715</subfield>
    <subfield code="r">2022-01-18 00:00:00</subfield>
    <subfield code="t">Ej. 2</subfield>
    <subfield code="w">2022-01-18</subfield>
    <subfield code="y">CD</subfield>
  </datafield>
  <datafield tag="952" ind1=" " ind2=" ">
    <subfield code="0">0</subfield>
    <subfield code="1">0</subfield>
    <subfield code="2">local</subfield>
    <subfield code="4">0</subfield>
    <subfield code="7">0</subfield>
    <subfield code="8">TesDigL</subfield>
    <subfield code="a">IA_</subfield>
    <subfield code="b">IA_</subfield>
    <subfield code="c">E_L</subfield>
    <subfield code="d">2024-07-18</subfield>
    <subfield code="e">El autor</subfield>
    <subfield code="l">0</subfield>
    <subfield code="p">1201010714</subfield>
    <subfield code="r">2024-07-18 00:00:00</subfield>
    <subfield code="w">2024-07-18</subfield>
    <subfield code="y">TD</subfield>
  </datafield>
</record>
